| 000 | 00542nam a2200181Ia 4500 | ||
|---|---|---|---|
| 008 | 090201s9999 xx 000 0 und d | ||
| 010 | _aKPL-70709 | ||
| 040 | _bमराठी | ||
| 041 | _aमराठी | ||
| 082 |
_a49076 _b70709 |
||
| 100 | _aनीला चांदोरकर | ||
| 245 |
_aजीवनदाता _cनीला चांदोरकर |
||
| 250 | _a2 | ||
| 260 |
_c2006 _bमधुरा प्रकाशन |
||
| 300 |
_a240 _bमध्यम |
||
| 600 | _aजीवनदाता | ||
| 942 | _cBOOK | ||
| 999 |
_c245660 _d245660 |
||